<?xml version="1.0" encoding="UTF-8"?><?xml-stylesheet type="text/xsl" href="static/style.xsl"?><OAI-PMH xmlns="http://www.openarchives.org/OAI/2.0/" xmlns:xsi="http://www.w3.org/2001/XMLSchema-instance" xsi:schemaLocation="http://www.openarchives.org/OAI/2.0/ http://www.openarchives.org/OAI/2.0/OAI-PMH.xsd"><responseDate>2026-06-07T11:01:13Z</responseDate><request verb="GetRecord" identifier="oai:docta.ucm.es:20.500.14352/137226" metadataPrefix="marc">https://docta.ucm.es/rest/oai/request</request><GetRecord><record><header><identifier>oai:docta.ucm.es:20.500.14352/137226</identifier><datestamp>2026-06-05T23:59:25Z</datestamp><setSpec>com_20.500.14352_14</setSpec><setSpec>col_20.500.14352_22</setSpec></header><metadata><record xmlns="http://www.loc.gov/MARC21/slim" xmlns:dcterms="http://purl.org/dc/terms/" xmlns:xsi="http://www.w3.org/2001/XMLSchema-instance" xmlns:doc="http://www.lyncode.com/xoai" xsi:schemaLocation="http://www.loc.gov/MARC21/slim http://www.loc.gov/standards/marcxml/schema/MARC21slim.xsd">
   <leader>00925njm 22002777a 4500</leader>
   <datafield ind2=" " ind1=" " tag="042">
      <subfield code="a">dc</subfield>
   </datafield>
   <datafield ind2=" " ind1=" " tag="720">
      <subfield code="a">Perdomo Rodríguez, Nahir Karina</subfield>
      <subfield code="e">author</subfield>
   </datafield>
   <datafield ind2=" " ind1=" " tag="260">
      <subfield code="c">2026-06-05</subfield>
   </datafield>
   <datafield ind2=" " ind1=" " tag="520">
      <subfield code="a">La tesis titulada Cuerpos femeninos disidentes. Deseo, goce y placer sexual en el cine de Albertina Carri analiza cómo las escenas sexuales en la obra cinematográfica de la directora representan corporalidades femeninas disidentes y queer, cuestionando la mirada escopofílica masculina (Mulvey, 2001) y las normas cisheteronormativas de género y sexualidad. Se enmarca en enfoques del feminismo, el cine queer y la pos(t)pornografía, con el propósito de explorar cómo el cine de Carri visibiliza cuerpos y deseos diversos mediante estrategias sensoriales, narrativas y políticas que subvierten las estructuras convencionales del cine...</subfield>
   </datafield>
   <datafield ind2=" " ind1=" " tag="520">
      <subfield code="a">The thesis entitled Dissident female bodies. Desire, enjoyment and sexual pleasure in the cinema of Albertina Carri analyzes how sexual scenes in the director's cinema represent dissident and queer female corporealities, questioning the male scopophilic gaze (Mulvey,2001) and cisheteronormative norms of gender and sexuality. It is framed within approaches of feminism and post(t)pornography, with the purpose of exploring how Carri's cinema makes visible diverse bodies and desires through sensorial, narrative, and political strategies that subvert conventional cinematic structures...</subfield>
   </datafield>
   <datafield ind1="8" ind2=" " tag="024">
      <subfield code="a">https://hdl.handle.net/20.500.14352/137226</subfield>
   </datafield>
   <datafield ind2="0" ind1="0" tag="245">
      <subfield code="a">Cuerpos femeninos disidentes. Deseo, goce y placer sexual en el cine de Albertina Carri</subfield>
   </datafield>
   <datafield ind2="0" ind1="0" tag="245">
      <subfield code="a">Dissident female bodies. Desire, enjoyment, and sexual pleasure in the cinema of Albertina Carri</subfield>
   </datafield>
</record></metadata></record></GetRecord></OAI-PMH>